000 00601nam a2200181 i 4500
001 73750
003 ES-MaACL
005 20230906171919.0
007 t|
008 040910s1978 mr ||||1| spa d
100 0 _aGómez-Tabanera, José Manuel,
_d1926-2011
_958165
245 1 4 _aLos hombres del post-glacial en la región Astur-Cantábrica de España /
_cJ.M. Gómez-Tabanera.
260 _aZagreb :
_b[s.n.,
_c1978]
300 _a4 h. :
_bil. ;
_c24 cm.
500 _aEs Separata de: Collegium Antropologium 2, 1978, p. 42-48.
852 _aES-MaACL
_j2109-F-29
_bR.98692
999 _c73750
_d73750